| 000 | 01318cam a22001814a 4500 | ||
|---|---|---|---|
| 005 | 20250605164358.0 | ||
| 008 | 250528s ||||||||||||||||||||||||d | ||
| 035 | _a24429 | ||
| 040 |
_aGR-AtMCL _bgre _dGR-AtMCL _eAACR2 |
||
| 245 | 1 | _aΟρίζοντας 2020: Το Νέο Πρόγραμμα της ΕΕ για την Έρευνα και Καινοτομία | |
| 260 |
_bΚαινοτομία Έρευνα Και Τεχνολογία, _c2013 |
||
| 300 | _a32 | ||
| 520 | _aOpenarchives.gr: Η Μεγαλύτερη Ελληνική Πύλη Πρόσβασης σε Ψηφιακό Περιεχόμενο Επιστήμης και Πολιτισμού, WebΕΚΤ: Όλοι οι Δικτυακοί Τόποι του ΕΚΤ σε έναν Online Κατάλογο, Δείκτες Έρευνας και Ανάπτυξης για Δαπάνες και Προσωπικό το 2011 και 2012 στην Ελλάδα, Διεθνές Συνέδριο WIRE 2014 για την Καινοτομία και την Περιφερειακή Ανάπτυξη, Νέο ΕθνικόΣυμβούλιο Έρευνας και Τεχνολογίας με Πρόεδρο τον Καθηγητή Ιωσήφ Σηφάκη. | ||
| 700 | 1 |
_aΣαχίνη Εύη _99352 |
|
| 942 | _cCR | ||
| 999 |
_c9311 _d9311 |
||